000
00264nam a2200121Ia 4500
008
190216s9999||||xx |||||||||||||| ||und||
100
_a
Pramod Margav
245
0
_a
Hindi-Noukari
260
_b
Mamara Publications
300
_a
79
650
_a
Hindi
942
_c
BK
999
_c
16298
_d
16298